[Event "World op 36th"]
[Site "Philadelphia"]
[Date "2008.07.04"]
[Round "5"]
[White "Khachiyan, Melikset"]
[Black "Mikhalevski, Victor"]
[Result "0-1"]
[WhiteElo "2504"]
[BlackElo "2592"]
[Annotator "Mikhalevski,V"]
[PlyCount "132"]
[EventDate "2008.07.02"]
[EventType "swiss"]
[EventRounds "9"]
[EventCountry "USA"]
[SourceTitle "CBM 125"]
[Source "ChessBase"]
[SourceDate "2008.07.30"]
[SourceVersion "1"]
[SourceVersionDate "2008.07.30"]
[SourceQuality "1"]

1. e4 e5 2. Nf3 Nc6 3. Bb5 a6 4. Bxc6 dxc6 5. O-O Ne7 6. d4 {A relatively rare
line. White is going for a classical endgame, which is however rather
poisonous.} ({The most principled line is, of course,} 6. Nxe5 {0-1 Radjabov,T
(2704)-Kazhgaleyev,M (2602)/Khanty Mansiysk 2005/CBM 111/[Finkel,A] (32)}) 6...
exd4 7. Nxd4 c5 {Usually this position arises with the f-pawn on f6 and the
knight on g8.} ({The young J. Nunn opted for} 7... g6 {One of the differences
comparing to positions from 5...f6-line is the possibility of this fianchetto.}
8. Nb3 Qxd1 9. Rxd1 Bg7 10. c3 {1/2-1/2 Hort,V (2620)-Nunn,J (2410)/Hastings
1977/MCD (33), and Black is at least not worse after} f5 $11) 8. Ne2 {The most
flexible retreat.} Qxd1 9. Rxd1 {[%csl Rd5] In the endgame which has arisen,
White will try to exploit the weakness of the d5-square and of his extra pawn
on the kingside.} Bd7 {Long castling is a typical plan in these endgames.} 10.
Nbc3 O-O-O 11. Bf4 Re8 $5 {Before bringing the light-squared bishop to c6 I
decided to move my rook to e8 in order to avoid an exchange. I think it should
be right as White already has a development advantage, which after the
exchange would be even bigger.} ({Black also tested the immediate} 11... Bc6
12. Rxd8+ Kxd8 13. Bg3 h5 14. h3 f5 $6 (14... h4 $5 15. Bh2 Kc8) 15. Nf4 Rh6
16. Bh4 $16 {1-0 Timman,J (2560)-Jackova,J (2375)/Prague 2007/CBM 119 ext (41)}
) 12. Rd2 Bc6 13. Rad1 Ng6 14. Bg3 Be7 15. Nd5 (15. f4 {[%cal Gf4f5] also
comes in consideration.} Bf6 {Provocking 16.e5} ({In case of} 15... Bd8 16. f5
{is unpleasant since} Ne5 {is met by means of} 17. Rxd8+ Rxd8 18. Rxd8+ Rxd8
19. Bxe5 f6 20. Bf4 $14 {with better chances for White.}) 16. e5 Bd8 {[%cal
Gg6e7,Ge7f5]} {Now} 17. f5 $2 Nxe5 18. Rxd8+ Rxd8 19. Rxd8+ Rxd8 20. Bxe5 b5 $1
$17 {[%cal Gb5b4] is clearly better for Black.}) 15... Bd8 $11 {This is the
setup I've chosen when I have played 11...Re8. Black managed to complete
development retaining the advantage of the bishop pair. Surprisingly this move
turned out to be a novelty.} ({In the only prceding game, which reached this
position Black played} 15... Bg5 {Provoking} 16. f4 {and only then} Bd8 (16...
Bh6 $5 {[%csl Rf4] is interesting with a pressure on f4.}) 17. e5 h5 (17... f6
$5) 18. Bf2 b6 19. c4 a5 {0-1 Berescu,A-Brkic,A/Crete 2007/CBM 121 (64). with
an approximately equal position, which starts to remind one of the Berlin
sytem.}) 16. f3 {[%cal Gg3f2,Ge2g3] White prepares a regrouping of pieces: the
bishop comes to f2, while the knight goes via g3 to f5.} Rhf8 {[%cal Gf7f5] A
small inaccuracy. Black prepares f5, but underestimates White's plan.} ({
If I had anticipated this obvious plan I would probably have played} 16... Bg5
$11 {preventing it. Now after} 17. f4 Bh6 {we transpose to 15...Bg5.}) 17. Bf2
b6 18. c4 (18. Ng3 $5 {[%csl Rg7][%cal Gg3f5,Gg3h5] would underline Black's
inaccuracy on the 16th move.}) 18... f5 $1 {Playing this move I had to see how
to continue after 20.Nxe4. Only when I found 20...Bh4! I played it.} 19. Ng3
fxe4 20. Nxe4 {White's centralization looks scary, especially taking in
account tactical blows, such as Nxb6 with the following Nd6, but Black's next
move releases the tension.} Bh4 $1 $11 {Usually when you have a bishop pair
you want to keep your bishops, but in this concrete position the exchange
brings a necessary relief.} 21. Bxh4 {Probably it would be a little bit better
to make a waiting move, not allowing a quick access of the knight to d4.
However it's not easy to find useful moves.} Nxh4 22. a3 {[%cal Gb2b4] White
prepares an exchange of the c5-pawn in order to prevent the appearance of the
knight on d4. ON the other hand, White undoubles the black pawns on the
queenside.} Nf5 (22... a5 {was also possible, but I wasn't sure I needed to
prevent b4.}) 23. b4 cxb4 24. axb4 Kb7 25. Nec3 (25. Kf2 $5) 25... Ne3 $1 {
Black is starting to take the initiative.} 26. Nxe3 Rxe3 27. Rd3 $6 {After
this exchange the queenside pawns are getting weak.} ({So White should prefer} 
27. Rc1 $5) 27... Rxd3 28. Rxd3 Rf4 {[%csl Rc4]} 29. b5 Be8 $1 {The point. Now
the c-pawn is weak.} 30. bxa6+ Kxa6 31. Ne4 Bc6 {In time-trouble I coudn't
choose where to attack the knight from (c6 or g6) and decided to make a safer
move.} ({However} 31... Bg6 $5 {deserved serious attention.} 32. Kf2 (32. Rd7 {
can be met by means of} Rf7 $1 {, which I missed.}) 32... Bxe4 33. Rd4 Rf7 $1 (
{The straightforward} 33... c5 {doesn't work:} 34. Rxe4 Rxe4 35. fxe4 b5 $4 {
in view of} 36. e5 $18) 34. Rxe4 Rd7 35. Ke3 c5 $15 {[%cal Gb6b5] and Black
creates a passed pawn on the queenside.}) 32. Nd2 (32. Kf2 Bxe4 33. Rd4 {
transposes to 31...Bg6.}) 32... Ka5 $1 {[%cal Ga5b4] The king comes closer to
the weak c-pawn.} 33. Kf2 Kb4 34. Ke3 Rf8 35. Rb3+ ({Probably} 35. Rd4 {
[%cal Gd2e4] with the idea of Ne4 was more precise.} Ra8 36. Ne4 Ra3+ 37. Kf4
Ra2 38. c5+ Ka5 39. cxb6 cxb6 40. Rd6 $132 {with counterplay.}) 35... Kc5 $15 {
Now White is short of counterplay, however it's still not easy to break
White's defence.} 36. Kd3 ({It would be better to play} 36. Rc3 $1 {in
anticipation of b5.}) 36... Rd8+ 37. Kc3 Re8 38. Kd3 Rd8+ {It's never bad to
repeat the position, especially if you're in the time-trouble.} 39. Kc3 Re8 40.
Kd3 b5 $1 {The only chance to break through.} 41. Rc3 $1 (41. cxb5 $2 Bxb5+ 42.
Kc3 Re3+ 43. Kb2 Re2 $19 {is hopeless for White.}) 41... b4 42. Rc1 Ba4 $6 {
[%cal Ge8d8] An inaccuracy. I'd prepared 43...Rd8 with the following b3, but
underestimated White's counterplay.} ({After} 42... Ra8 $1 $17 {Black's
advantage is obvious.}) 43. Ra1 $1 Ra8 $5 ({Now I realised that after} 43...
Rd8+ 44. Ke3 Bc2 {White plays} 45. Ra5+ Kc6 46. Rb5 Rd3+ 47. Ke2 b3 48. Ne4 {
my chances to win are slim.} ({But not} 48. Nxb3 $4 Rxb3 49. Kd2 Rxb5 50. cxb5+
Kxb5 51. Kxc2 Kc4 $19 {with a winning pawn endgame for Black.})) 44. Ne4+ Kb6
45. Ke3 $1 {Now I can't unpin the bishop without exchanging the rooks.} c5 46.
h4 h6 47. h5 (47. g4 $5 {[%cal Gg4g5]}) 47... Bc6 48. Rxa8 Bxa8 49. Nd2 (49.
Nd6 $2 {[%cal Gd6f5] is very risky as the b-pawn is very dangerous.} Ka5 (49...
b3 $5 50. Kd3 Ka5 51. Kc3 Ka4 52. Kb2 Kb4 $19) 50. Kd3 Ka4 51. Kc2 Ka3 52. Kb1
b3 $19) 49... Bc6 $15 50. Nb3 $1 {[%cal Gb3c1,Gc1d3] White transfers his
knight to d3 from where it both controls the b-pawn and attacks the c-pawn.}
Be8 {I'd decided to provoke g4, but frankly speaking I didn't see a break here.
} 51. g4 Ba4 52. Nc1 Bd1 (52... Ka5 {leads to a draw after} 53. Nd3 $1 Bc2 54.
Nxc5 ({But not} 54. Nb2 $2 b3 55. Kd2 Kb4 $19) 54... b3 55. Nxb3+ $1 Bxb3 56.
Kd4 Bd1 ({or} 56... Kb4 57. Ke5 Bxc4 58. Kd6 $11 {[%cal Gd6e7,Ge7f8]}) 57. Ke5
Bxf3 58. Kf5 {[%cal Gf5g6]}) 53. Nd3 Bc2 54. Nb2 ({In fact even} 54. f4 {
is possible.} Bxd3 55. Kxd3 Kc6 56. g5 (56. Ke3 Kd6 57. Kd3 Ke6 58. Ke3 Kf6 59.
Kd3 g6 60. hxg6 Kxg6 61. Ke4 Kg7 $1 62. Kd3 h5 $1 63. gxh5 Kh6 64. Ke4 Kxh5 65.
Kd3 $1 {and White is just waiting with the king and achieves a draw.} ({But not
} 65. f5 $4 Kh6 $3 66. Kd3 Kg5 67. Ke4 Kf6 $19 {and Black wins the f-pawn and
the game.})) 56... Kd6 57. f5 hxg5 58. f6 Ke6 59. fxg7 Kf7 60. h6 g4 $19 {
and Black wins.}) 54... Ka5 55. Kd2 $1 {White has to meet b3 with Kc3 not
allowing Kb4.} Bh7 56. f4 $11 {The position is equal. Neither side can make
progress.} Be4 57. Ke3 Bc2 58. Kd2 Bb1 {I decided to try my last chance.} (
58... Be4 $11) 59. Nd3 Kb6 (59... b3 {was possible with a draw after} 60. Nxc5
Kb4 61. Nxb3 Kxb3 62. c5 Be4 (62... Kc4 63. c6 Be4 64. c7 Bb7 65. f5 Kd5 66. g5
$1 hxg5 67. f6 Ke6 68. fxg7 Kf7 69. h6 g4 70. Ke3 g3 $11) 63. Ke3 Bc6 64. f5
Bd7 $1 65. Kf4 Kc4 66. g5 Kxc5 67. f6 hxg5+ 68. Kxg5 gxf6+ 69. Kxf6 $11) ({Or} 
59... Bxd3 60. Kxd3 Ka4 61. Kc2 Ka3 62. Kb1 Kb3 63. g5 Kxc4 64. f5 Kd5 65. f6
Ke6 66. fxg7 Kf7 67. gxh6 $11) 60. Ne5 ({After} 60. g5 $1 {Black has to be
accurate.} Bxd3 (60... b3 61. Kc3 Kc6 $14) 61. Kxd3 Kc6 62. f5 Kd6 63. f6 Ke6
64. fxg7 Kf7 65. gxh6 Kg8 66. Ke3 Kf7 67. Ke4 Kg8 68. Kf5 Kf7 $1 69. Ke4 $11)
60... Be4 (60... Kc7 $5) 61. g5 ({White could also continue waiting.} 61. Nd3
$11) 61... Kc7 62. Nf7 Bf3 $1 63. f5 $2 {A decisive mistake. Now White is lost.
} ({After the correct} 63. gxh6 gxh6 64. Nxh6 Bxh5 $15 {Black is just slightly
better.}) 63... hxg5 $1 64. Nxg5 Bxh5 65. Ne6+ $2 {This greedy move makes
Black's task easier.} ({However even after the correct} 65. Ne4 Kc6 66. f6 gxf6
67. Nxf6 Bg6 $1 {Black wins bringing the king to d4 and winning the c4-pawn, e.
g.} ({But not} 67... Bf7 68. Kd3 b3 $4 69. Kc3 Bxc4 70. Kb2 $11 {[%cal Gf6e4,
Ge4c3] with a theoretical draw.}) 68. Nd5 Bf7 69. Ne3 Kd6 70. Kd3 Bg6+ 71. Kd2
Ke5 72. Nd1 Kd4 73. Nb2 Bf7 $19) 65... Kd6 66. Nxg7 (66. Kd3 Bg4 67. Nxg7 Ke5
68. f6 Kxf6 69. Ne8+ Ke5 70. Kc2 Bh5 71. Nc7 Kd4 72. Kb3 Bd1+ $19) 66... Bf7 $1
$19 {[%csl Rg7][%cal Gd6e5,Ge5f6] Suddenly the knight finds itself in a trap.
White can't prevent Ke5-f6 and so he resigned.} 0-1

[Event "Dieren op"]
[Site "Dieren"]
[Date "1997.07.29"]
[Round "7"]
[White "Meijers, Viesturs"]
[Black "Mikhalevski, Victor"]
[Result "0-1"]
[WhiteElo "2445"]
[BlackElo "2535"]
[Annotator "Mikhalevski,V"]
[PlyCount "56"]
[EventDate "1997.07.??"]
[EventType "swiss"]
[EventRounds "9"]
[EventCountry "NED"]
[SourceTitle "CBM 061"]
[Source "ChessBase"]
[SourceDate "1997.11.23"]
[SourceVersion "1"]
[SourceVersionDate "1997.11.23"]
[SourceQuality "1"]

1. e4 e5 2. Nf3 Nc6 3. Bb5 a6 4. Bxc6 dxc6 5. O-O Qd6 6. d4 exd4 7. Nxd4 Bd7 8.
Be3 O-O-O 9. Nd2 Nh6 10. f3 f5 (10... Qg6 11. Qe2 f5 12. Rad1 Re8 13. c3 Qh5
14. exf5 Nxf5 15. Nxf5 Bxf5 16. g4 Qg6 17. Qf2 h5 18. g5 h4 19. Rfe1 Be7 20. f4
Bc2 21. Rc1 Bd3 22. Nf3 Bd6 23. Bd2 Qh5 24. h3 Bf5 25. Kh2 Qf7 26. Rxe8+ Rxe8
27. Re1 Rxe1 28. Qxe1 b6 29. b3 Bxh3 30. Kxh3 Qf5+ 31. Kxh4 Bxf4 32. Qe8+ Kb7
33. Qxc6+ Kxc6 34. Nd4+ Kd7 35. Nxf5 Bxd2 36. c4 g6 37. Nd4 Be3 38. Nf3 Ke6 39.
Kg4 c6 40. Nh4 Kf7 41. Nf3 Ke6 42. Nh4 Kf7 {1/2-1/2 Swic,W-Marszalek,R/POL-chT
Jachranka 1987}) (10... g5 11. Qe2 Bg7 12. c3 Qg6 13. Rad1 f5 14. N4b3 g4 15.
e5 Bxe5 16. Nc4 Bxh2+ 17. Kxh2 g3+ 18. Kg1 Qh5 19. Rfe1 Ng4 20. Qd3 Qh2+ 21.
Kf1 Qh1+ 22. Bg1 Nh2+ 23. Ke2 Qxg2+ {0-1 Simoli,S-Misailovic,N/Novi Sad op 1989
}) 11. Qe2 (11. c3 f4 12. Bf2 g5 13. Nc4 Qe7 14. Qb3 Nf7 15. e5 c5 16. Na5 Bb5
17. Ne6 c4 18. Nxc4 Re8 19. Nxf8 Rhxf8 20. Na5 b6 21. Qd5 c6 22. Nxc6 Qb7 23.
Nb4 Bxf1 24. e6 Qxd5 25. Nxd5 Rxe6 26. Kxf1 Kb7 27. c4 Rd8 28. a4 Rd7 29. b4
Rc6 30. b5 Rxc4 31. Nxb6 Rdc7 32. bxa6+ Kxa6 33. Nxc4 Rxc4 34. a5 Ne5 35. Be1
g4 {Rusu,C-Olarasu,G/ROM-chT 1994/1/2-1/2 (47)}) 11... fxe4 $5 $146 (11... Re8
{20/295}) 12. Nxe4 Qe5 (12... Qg6 $5) 13. Bf2 (13. Rad1 $6 Ng4 $1 14. fxg4 Qxe4
$15) 13... Be7 14. c3 {/\b4,a4,b5->} (14. Rad1 $5) 14... Rhe8 15. Rfe1 Qh5 16.
b4 Ng8 $3 {/\Nf6[+]} 17. a4 Nf6 18. b5 $6 (18. Nxf6 Bxf6 $15) (18. g4 $5 Qe5 $5
(18... Qg6 19. b5 Nxe4 20. bxa6 Bxg4 (20... Nxf2 $5 21. a7 Bxg4 $3 22. a8=Q+
Kd7 23. Qxd8+ Kxd8 24. fxg4 Nxg4 $13) 21. axb7+ Kxb7 22. Rab1+ Kc8 23. fxg4
Nxf2 24. Qxf2 Qxg4+ $17) 19. Bg3 (19. b5 cxb5 20. axb5 Bxb5 21. Nxb5 Qxb5 22.
Qxb5 axb5 23. Ng5 $15) 19... Qd5 20. Rad1 (20. b5 cxb5 (20... c5 $5) 21. axb5
Bxb5 22. Nxb5 Qxb5 23. Qxb5 axb5 $17) 20... Nxe4 21. Qxe4 $15 (21. fxe4 Qg5))
18... cxb5 (18... Nxe4 $5 19. bxc6 (19. fxe4 Qxe2 20. Rxe2 cxb5 21. axb5 Bxb5
22. Nxb5 axb5 $17) (19. Qxe4 Bf6 20. Qc2 Rxe1+ 21. Rxe1 cxb5 22. axb5 Bxb5 $17)
(19. bxa6 Nxf2 20. axb7+ (20. a7 Qa5 $19) 20... Kxb7 21. Rab1+ Ka7 22. Qxf2 Bc5
$19) 19... Nxf2 20. cxd7+ Rxd7 21. Qxf2 Bd6 $17) 19. axb5 Bxb5 20. c4 $2 (20.
Nxb5 Qxb5 21. Qxb5 axb5 22. Ng5 $1 Rd3 $1 23. Ne6 Bd6 24. Nxg7 Rxe1+ 25. Bxe1
Nd5 $15) 20... Nxe4 $1 21. cxb5 (21. Qxe4 Bb4 $19) 21... Bd6 $1 $19 (21... Nxf2
22. bxa6 $13) 22. fxe4 Qxh2+ 23. Kf1 Qh1+ 24. Bg1 Rf8+ 25. Qf3 (25. Nf3 Bc5 $1
$19) (25. Nf5 $142 Bc5 26. Qf3 $8 Rd2 (26... Rd3 $5) 27. Re3 Bxe3 28. Qxe3
Qxg2+ 29. Ke1 Re2+ $1 (29... Re8 $5 30. Ng3 Ra2 $19) 30. Qxe2 Qxg1+ 31. Qf1
Qxf1+ 32. Kxf1 g6 33. bxa6 bxa6 34. Rxa6 Kd7 $19) 25... Rxf3+ 26. Nxf3 Bc5 27.
bxa6 Bxg1 28. axb7+ Kxb7 0-1

[Event "Ciocaltea Memorial"]
[Site "Bucharest"]
[Date "1997.??.??"]
[Round "11"]
[White "Milu, Romeo Sorin"]
[Black "Notkin, Maksim"]
[Result "1-0"]
[WhiteElo "2425"]
[BlackElo "2515"]
[Annotator "Milu,R"]
[PlyCount "85"]
[EventDate "1997.03.??"]
[EventType "tourn"]
[EventRounds "13"]
[EventCountry "ROU"]
[EventCategory "10"]
[SourceTitle "CBM 060"]
[Source "ChessBase"]
[SourceDate "1997.09.29"]
[SourceVersion "1"]
[SourceVersionDate "1997.09.29"]
[SourceQuality "1"]

1. e4 {Wedberg Iordachescu,V Notkin} e5 2. Nf3 Nc6 3. Bb5 a6 4. Bxc6 dxc6 5.
O-O Qd6 6. d3 Ne7 7. Nbd2 Ng6 8. Nc4 Qf6 9. d4 exd4 10. Bg5 (10. Qxd4 {Wedberg}
Qxd4 11. Nxd4 Bd7 (11... c5 12. Nf5 (12. Ne2 Bd7 13. Nc3 O-O-O 14. a4 f5 15.
Rd1 fxe4 16. Nxe4 Re8 $10 {Arnold,L-Smejkal,J/Deutschland/1986/0:1/60/}) 12...
Be6 13. Na5 (13. Nce3 Nf4 14. Re1 O-O-O $11 {Filipovic,B-Mozetic,D/JUG-ch
Podgorica 1996/CBM 53/[Notkin]/0-1 (48)}) 13... b6 14. Nb3 O-O-O 15. Be3 Bxf5
16. exf5 Ne7 17. g4 h5 $132 {Ottens,S-Lingnau,C/NRW-I 1996/GER 13/1/2-1/2 (60)}
) 12. Be3 O-O-O 13. a4 c5 14. Ne2 f5 15. exf5 Bxf5 {1/2-1/2 Arnold,L-Werner,C/
Endingen MA 1987/GER 04}) 10... Qe6 11. Qxd4 (11. Nxd4 Qxc4 12. Nb5 f6 (12...
Bd6 13. Qxd6 Qxf1+ 14. Kxf1 cxd6 15. Nc7+ Kd7 16. Nxa8 $14) 13. Nxc7+ Kf7 14.
Nxa8 fxg5 15. Nb6 Qe6 16. Qf3+ Ke8 (16... Kg8 17. Nxc8 Qxc8 18. Qb3+) 17. Rad1
$44) 11... f6 12. Be3 $146 (12. Rad1 Be7 $8 (12... Bd7 13. Na5 fxg5 14. Nxg5
Qe7 15. Nxb7 $44 {Iordachescu,V}) (12... Be7 {Wedberg} 13. Bc1 O-O 14. Rfe1 $14
{Gipslis,A} (14. b3 b6 15. Qc3 c5 16. Rfe1 Bb7 17. Bb2 Rad8 18. Ne3 Rxd1 19.
Rxd1 Nf4 20. Re1 Qxe4 21. Ng5 Qb4 {Pirisi,G-Lukacs,P/HUN-ch Budapest 1980/
MCD-ch/0-1 (38)}))) (12. Bd2 {Wedberg} Be7 13. Rfe1 O-O 14. Qc3 (14. e5 c5 15.
Qc3 f5 16. Bg5 b6 17. Bxe7 Qxe7 18. Ne3 Be6 19. Rad1 Rad8 $15 {0-1 Sievers,
S-Malaniuk,V/Hamburg Wichern-op 1995/EXT 95op (39)}) 14... c5 15. a4 b6 16. Be3
Bb7 17. Nfd2 f5 18. exf5 Qxf5 $36 {0-1 Tatai,S-Romanishin,O/Reggio9697 1996/
CBM 57 (44)}) 12... Be7 13. Qd3 O-O (13... c5 14. Nfd2) (13... c5 $13 {Wedberg
/\b6, Bb7}) 14. Nd4 Qf7 15. f4 Rd8 16. Qe2 c5 17. Nf3 f5 $8 18. Nce5 (18. Ng5
$5 {Notkin,M}) 18... Nxe5 19. Nxe5 Qf6 20. Qf3 c6 21. Rad1 Rxd1 (21... Be6 22.
c4) 22. Rxd1 Be6 23. c4 h6 24. b3 fxe4 25. Qxe4 Bf5 26. Qf3 Bd6 27. Qf2 Qe7 $6
(27... Bxe5 28. fxe5 Qxe5 29. Bxc5 Re8 30. Bd4 Qe6 31. Bb2 $14) 28. Re1 $1 Rd8
29. Bc1 $6 (29. Bd2 $142 $14 Bxe5 $140 30. Rxe5) 29... Bxe5 $1 30. fxe5 $8 (30.
Rxe5 Rd1+) 30... Be6 $15 31. Be3 b6 32. Qf3 Qd7 33. h3 a5 34. a4 $8 Rf8 $6 35.
Qd1 $1 Rd8 36. Qd6 $1 $11 Qe8 $2 $138 (36... Qc8 $142 37. Qe7 Rd3 38. Bf2 Kh7 (
38... Rxb3 39. Rd1) 39. Re3 $11) 37. Qc7 Rd3 $2 (37... Bxh3 $142 $5 {Fritz 5.
00 (100s) ist zu überlegen} 38. Qxb6 (38. gxh3 Qg6+ 39. Kh2 Qc2+ 40. Kh1 Qe4+)
38... Bxg2 39. Kxg2 Qg6+ 40. Kf1 Rf8+ 41. Ke2 Qc2+ 42. Bd2 Qe4+ 43. Kd1 Qb1+
44. Ke2 Qe4+ 45. Be3 Qc2+ 46. Bd2 Qe4+ $11) 38. Qxb6 Bxh3 39. gxh3 Qxe5 40. Bf2
Qg5+ 41. Kf1 Qf5 42. Qxc6 $18 (42. Qxc5 $6 {Fritz 5.00 (100s) ist schnell zu
verwerfen} Qxh3+ 43. Kg1 Qg4+ 44. Kf1 Qh3+ 45. Ke2 Qf3+ 46. Kf1 Qh3+ $11) 42...
Rd2 $2 43. Qe6+ 1-0

[Event "Budapest Hunguest Hotels"]
[Site "Budapest"]
[Date "2003.04.15"]
[Round "5"]
[White "Short, Nigel D"]
[Black "Acs, Peter"]
[Result "1/2-1/2"]
[WhiteElo "2686"]
[BlackElo "2600"]
[Annotator "Mueller,Karsten"]
[PlyCount "152"]
[EventDate "2003.04.11"]
[EventType "tourn"]
[EventRounds "9"]
[EventCountry "HUN"]
[EventCategory "17"]
[SourceTitle "CBM 095"]
[Source "ChessBase"]
[SourceDate "2003.07.25"]
[SourceVersion "1"]
[SourceVersionDate "2003.07.25"]
[SourceQuality "1"]

1. e4 e5 2. Nf3 Nc6 3. Bb5 a6 4. Bxc6 dxc6 5. Nc3 Qd6 6. d4 exd4 7. Qxd4 Nf6 8.
O-O Qxd4 9. Nxd4 Bc5 10. Rd1 Bd7 11. Be3 Bb4 12. Nde2 Ng4 13. Bd4 f6 14. h3 Ne5
15. a3 Be7 16. Nf4 Nc4 17. Nce2 O-O-O 18. a4 Rhe8 19. Ng3 Bf8 20. b3 Nd6 21.
Re1 b6 22. Bb2 c5 23. c4 Bc6 24. e5 fxe5 25. Rxe5 Rxe5 26. Bxe5 Re8 27. Bc3 g6
28. Rd1 b5 29. axb5 axb5 30. cxb5 Nxb5 31. Bf6 Bd6 32. Nfe2 Bd7 33. Nc3 Nxc3
34. Bxc3 Kb7 35. Nf1 Bb5 36. Ne3 Ra8 37. Ra1 Re8 38. Rc1 Bd7 39. Nc4 Re2 40.
Rd1 Kc6 41. Na5+ Kb5 42. Nc4 Be6 43. Nxd6+ cxd6 44. Rxd6 Bxb3 45. Rd7 h5 46. g4
hxg4 47. hxg4 Re4 48. g5 Rg4+ 49. Kf1 Rxg5 50. Ke2 Bd5 51. Bd2 Rh5 52. Kd3 Be6
53. Rd6 Bf5+ 54. Kc3 Rh4 55. Be3 Rc4+ 56. Kb3 Bc2+ 57. Ka3 Be4 58. Kb3 Rc2 59.
Re6 c4+ 60. Ka3 Bd5 61. Rxg6 c3 62. Rb6+ Ka5 63. Rb3 Re2 64. Bb6+ Ka6 65. Be3
Bxb3 66. Kxb3 c2 {[%tqu "En","White to move and draw","","","e3c1","",3,"De",
"Weiß zieht und hält remis","","","e3c1","",3,"Fr","Les Blancs jouent et font
nulle","","","e3c1","",3]} 67. Bc1 $1 {[%mdl 256]} (67. Kb2 $2 Kb5 68. Bc1 (68.
Kc3 Rxe3+ $19) 68... Kc4 69. f4 Kd3 70. Kb3 Re8 71. f5 Rb8+ 72. Ka3 Rb1 $19)
67... Rxf2 68. Kc3 Kb5 69. Bd2 Rg2 70. Kxc2 Kc4 71. Kc1 Kd3 72. Bb4 Ra2 73. Kb1
Rc2 74. Be1 (74. Bf8 $4 Kc3 75. Bc5 Kb3 76. Bb6 Rc8 77. Ba7 Rc7 78. Bb8 Rb7 79.
Be5 Re7 80. Bg3 Rg7 81. Bf2 Rf7 82. Be1 Rf1 $19) 74... Re2 75. Ba5 Re5 76. Bd8
Rb5+ 1/2-1/2

[Event "EU-Cup 22nd"]
[Site "Fuegen"]
[Date "2006.10.08"]
[Round "1.1"]
[White "Glek, Igor Vladimirovich"]
[Black "Mamedyarov, Shakhriyar"]
[Result "1/2-1/2"]
[WhiteElo "2553"]
[BlackElo "2722"]
[Annotator "Mueller,Karsten"]
[PlyCount "133"]
[EventDate "2006.10.08"]
[EventType "team-swiss"]
[EventRounds "7"]
[EventCountry "AUT"]
[SourceTitle "CBM 115"]
[Source "ChessBase"]
[SourceDate "2006.11.15"]
[SourceVersion "1"]
[SourceVersionDate "2006.11.15"]
[SourceQuality "1"]
[WhiteTeam "Eupen Rochade"]
[BlackTeam "Cheboksary"]
[WhiteTeamCountry "BEL"]
[BlackTeamCountry "RUS"]

1. e4 e5 2. Nf3 Nc6 3. Bb5 a6 4. Bxc6 dxc6 5. O-O Bg4 6. h3 Bxf3 7. Qxf3 Qd7 8.
d3 f6 9. Nd2 O-O-O 10. Nc4 h5 11. Qe3 b6 12. Qe1 g5 13. Be3 Kb7 14. Rd1 c5 15.
c3 g4 16. h4 Ne7 17. d4 exd4 18. cxd4 Qe6 19. Qc3 Qxe4 20. dxc5 Nd5 21. c6+ Kc8
22. Qb3 Nxe3 23. Rxd8+ Kxd8 24. Nxe3 Qxc6 25. Qd3+ Kc8 26. Qxa6+ Kb8 27. g3 Bc5
28. Rc1 Qf3 29. Qd3 Rf8 30. Rc4 Bxe3 31. Qxe3 Qd1+ 32. Kg2 Rd8 33. Qf4 Rd7 34.
a4 Rd6 35. Qe4 Rd7 36. Qc6 f5 37. a5 Qd5+ 38. Qxd5 Rxd5 39. axb6 cxb6 40. Rc6
b5 41. Rh6 f4 42. gxf4 Kc7 43. b4 Kd7 44. f3 Rd4 45. Kg3 gxf3 46. Kxf3 Rxb4 47.
Rxh5 Ke6 48. Kg4 Kf6 49. Rh6+ Kg7 50. Rb6 Rb1 51. Kg5 Rg1+ 52. Kf5 Rb1 53. Rb7+
Kh6 54. Kf6 b4 55. f5 b3 56. Rb8 Kh7 57. Kf7 Rf1 58. f6 Ra1 59. h5 b2 60. Rxb2
Ra7+ 61. Ke8 Ra8+ 62. Kd7 Ra7+ 63. Kc6 Kg8 64. Rg2+ Kf8 65. h6 $2 (65. Kd6 Ra1
66. Ke6 Re1+ 67. Kf5 Kf7 68. Rg7+ Kf8 69. h6 Rf1+ 70. Ke5 Re1+ 71. Kd4 Rd1+ 72.
Ke3 Re1+ 73. Kd2 Rh1 74. h7 $18) {[%tqu "De","Finden Sie den einzigen
Remiszug!","","","a7h7","",3]} 65... Rh7 66. Rg6 {[%tqu "De","Was muss nun
geschehen?","","","h7h8","",3]} Rh8 $1 {[%mdl 256]} 67. Rg2 (67. Kd6 Kf7 68.
Rg7+ Kxf6 69. Re7 Rxh6 $11) 1/2-1/2